| 000 | 00482nam a2200157 i 4500 | ||
|---|---|---|---|
| 001 | 28873 | ||
| 003 | ES-MaACL | ||
| 005 | 20230906153937.0 | ||
| 007 | t| | ||
| 008 | 030120s1962 pr ||||1| spa d | ||
| 100 | 1 |
_aBagué Ramírez, Jaime. _924647 |
|
| 245 | 1 | 0 |
_aApuntes sobre la historia de la enseñanza de la agricultura en Puerto Rico / _cpor Jaime Bagué. |
| 260 |
_aPuerto Rico : _bUniversidad, _c1962. |
||
| 300 |
_a56 p. ; _c24 cm. |
||
| 852 |
_aES-MaACL _jC-23070 _bR.50890 |
||
| 999 |
_c28873 _d28873 |
||